A field guide to conservation finance / (Registro nro. 7364)

Detalles MARC
000 -CABECERA
Campo de control 00615nam a22001937a 4500
005 - FECHA Y HORA DE LA ULTIMA TRANSACCION
Campo de control 20130712161020.0
008 - ELEMENTOS DE LONGITUD FIJA—INFORMACION GENERAL
Campo de control 130712b2007 xxu||||| |||| 00| 0 spa d
020 ## - ISBN
ISBN 9781597260602
041 ## - IDIOMA
Código de idioma para texto/pista de sonido o título separado Inglés
044 ## - PAÍS DE PUBLICACIÓN
País de publicación Estados Unidos
082 ## - NUMERO DE CLASIFICACION DECIMAL DEWEY
Número de clasificación 333.72068
Número del ítem C592f
100 1# - ASIENTO PRINCIPAL--NOMBRE PERSONAL
Nombre personal Clark, Story.
245 12 - MENCION DE TITULO
Título A field guide to conservation finance /
Mención de responsabilidad Story Clark
260 ## - PUBLICACION, DISTRIBUCION, ETC. (PIE DE IMPRENTA)
Lugar de publicación, distribución, etc. Washington, D.C. :
Nombre del editor, distribuidor, etc. Island Press,
Fecha de publicación, distribución, etc. c2007
300 ## - DESCRIPCION FISICA
Extensión xix, 387 p. :
Otros detalles físicos il., mapas ;
Dimensiones 24 cm.
504 ## - NOTA DE BIBLIOGRAFIA, ETC.
Nota de bibliografía Incluye referencias bibliográficas e índice.
650 #0 - ASIENTO SECUNDARIO DE MATERIA - TERMINO TEMATICO
Término temático o nombre geográfico como elemento de entrada Nature conservation
Subdivisión general Finance
Subdivisión geográfica United States
942 ## - ELEMENTOS ADICIONALES (KOHA)
Sistema de clasificación Dewey Decimal Classification
Tipo de ítem
Existencias
Withdrawn status Lost status Sistema de Clasificación Damaged status No para préstamo Colección Inventariado Ubicación Permanente Ubicación actual Fecha de adquisición Fuente de Valor Valor Total Checkouts Número topográfico Inventario / Código de Barras Date last seen Ejemplar Price effective from Forma de adquisición Tipo de material
    Dewey Decimal Classification     General Inventariado 2017 Sala Fabio Quevedo Sala Fabio Quevedo 12/07/2013 Instituto 39000.00   LB 333.72068 C592f 028760 12/07/2013 Ej. 1 12/07/2013   Libro